Responses for Show #7249 - Thursday, March 3, 2016

WE ASKED: Weatherman Al Roker.

Contestants

[<< previous game]

Soumia Meiyappan, a research associate from Brampton, Ontario, Canada

Ted Dorsey, an author and educator from Los Angeles, California

Rachel Zoch, a writer and editor from Deer Park, Texas (whose 2-day cash winnings total $17,500)

[next game >>]

Jeopardy! Round responses

CLEVER LOGOS
BOOK SONGS
ITALIAN, WITH THE SPEAKING
YOU GET 95 YEARS
TIME OFF
FOR GOOD BEHAVIOR
    $200 6
Pittsburgh

Soumia
    $200 1
Simon & Garfunkel

Ted
    $200 11
May

Soumia
    $200 21
Chapel Hill

Ted
    $200 30
rest & recreation (rest & relaxation accepted)

Ted
    $200 16
the NFL

Ted
    $400 7
a skyscraper

Rachel
    $400 2
"Paperback Writer"

Rachel
    $400 12
10

Soumia
    $400 22
Sir Francis Drake

Triple Stumper
    $400 25
truant

Ted
    $400 17
the Oscars

Rachel
    $600 8
the Greek alphabet

Ted
    $600 3
Richard Rodgers

Triple Stumper
    $600 13
socks

Soumia
    $600 23
Captain Kidd

Triple Stumper
    $600 26
sick leave

Rachel
    $600 18
Hilton

Soumia
    $800 9
FedEx

Soumia
    $800 4
Elvis Costello

Ted
    $800 14
green

Ted
    $800 24
(Soumia: What is the Silk Road?)

the Golden Horde

Soumia
Triple Stumper
    $1,000 28
(Rachel: [No response])
(Alex: Oh. Word for lazy would be "idle". I-D-L-E. And the word we're going for here is I-D-Y-L-L. [*].)

idyll

Rachel
    $800 19
CNN

Soumia
    $1000 10
Tostitos

Soumia
    $1000 5
"Don't Stand So Close To Me"

Rachel
    $1000 15
buonasera

Soumia
    $1000 27
(Soumia: Who is Zola?)
...
(Alex: Zola wrote about him. Brought attention to him.)

Alfred Dreyfus

Soumia
Triple Stumper
    $1000 29
a sabbatical

Ted
    $1000 20
(Alex: Yes. I knew you wouldn't miss that one if you rang in first.)

Terry Fox

Soumia

Scores at the first commercial break (after clue 15):

Rachel Ted Soumia
$1,800 $2,400 $4,200

Scores at the end of the Jeopardy! Round:

Rachel Ted Soumia
$1,800 $4,400 $4,800

Double Jeopardy! Round responses

NONFICTION
SCARLETT JOHANSSON ROLES
(Alex: ...we want you to name the movie.)
WORLD RELIGION
"UNK" IN THE TRUNK
BRIDGE ON THE RIVER
KAUAI
    $400 2
(Rachel: Who are The Five People You See in Heaven?)
(Ted: Who are The Five People You Meet in Heaven?)

Tuesdays with Morrie

RachelTedSoumia
    $400 4
Lost in Translation

Soumia
    $400 1
the Maori

Ted
    $400 17
a skunk

Soumia
    $400 25
the Thames

Ted
    $400 13
the Garden Isle

Ted
    $800 3
John Edwards

Triple Stumper
    $2,000 5
(Soumia: Who is Lucy?)

Her

Soumia
    $800 9
(Soumia: What is Hinduism?)

Buddhism

Soumia
Triple Stumper
    $800 18
(Ted: What is a junker?)

a clunker

RachelTed
    $800 26
the Rio Grande

Rachel
    $800 14
chickens

Ted
    $1200 22
Galveston

Rachel
    $1200 6
Vicky Cristina Barcelona

Soumia
    $1200 10
(Rachel: Who is Ganesha?)

Brahma

RachelSoumia
    $1200 19
a flunky

Rachel
    $1200 27
the Mississippi

Rachel
    $1200 15
the Grand Canyon

Ted
    $1600 23
Dianetics

Rachel
    $1600 7
The Other Boleyn Girl

Soumia
    $2,200 11
(Soumia: [Clicks tongue] What is mustafa?)

mullah

Soumia
    $1600 20
debunk

Ted
    $1600 28
the Liffey

Rachel
    $1600 16
Kamehameha

Soumia
    $2000 24
Carl Sagan

Soumia
    $2000 8
(Alex: Now is the time for that. You were just a little early, that's all.)

Lucy

Soumia
    $2000 12
(Marcus) Garvey

Ted
    $2000 21
spelunking

Rachel
    $2000 29
the Niagara River

Soumia
    $2000 30
Bali Ha'i

Rachel

Scores at the end of the Double Jeopardy! Round:

Rachel Ted Soumia
$12,600 $10,000 $12,600

[wagering suggestions for these scores]

Final Jeopardy! Round responses

AMERICAN HISTORY
(Alex: [To Rachel] The Old Dominion.)
TedWhat is Massachusetts?
$2,615
SoumiaWhat is Jamestown?
$12,600
RachelWhat is Virginia?
$12,599
Virginia

Final scores:

Rachel Ted Soumia
$25,199 $7,385 $0
3-day champion: $42,699 2nd place: $2,000 3rd place: $1,000

Game dynamics:

Coryat scores:

Rachel Ted Soumia
$13,600 $10,000 $16,800
14 R,
3 W
(including 1 DD)
16 R,
2 W
20 R,
5 W
(including 2 DDs)

Combined Coryat: $40,400

[game clues] [game scores] [suggest correction]

Game tape date: 2016-01-14
The J! Archive is created by fans, for fans. Scraping, republication, monetization, and malicious use prohibited; this site may use cookies and collect identifying information. See terms. The Jeopardy! game show and all elements thereof, including but not limited to copyright and trademark thereto, are the property of Jeopardy Productions, Inc. and are protected under law. This website is not affiliated with, sponsored by, or operated by Jeopardy Productions, Inc. Join the discussion at JBoard.tv.